Thomas Münzer : teólogo de la revolución /

Thomas Münzer es una de las figuras más interesantes del movimiento religioso, político y social en la Alemania del siglo XVI. Münzer, a quien se llama "teólogo de la revolución", fue atacado violentamente por los príncipes, la nobleza y por los reformadores religiosos, entre los que se contaba Lute...

Descripció completa

Guardat en:
Dades bibliogràfiques
Autor principal: Bloch, Ernst (autor)
Format: Llibre
Idioma:espanyol
Publicat: Madrid, España : Ciencia Nueva, 1968, c1968
Col·lecció:(Ciencia Nueva ; A 15)
Matèries:
Etiquetes: Afegir etiqueta
Sense etiquetes, Sigues el primer a etiquetar aquest registre!

MARC

LEADER 00000nam^a2200000^a^4500
001 000182222
005 20250521000000.0
009 20260310102000.35
037 |a Acervo ITESO - Biblioteca 
041 |a ESP 
082 |a 200. 92  |b BLO 
100 |a Bloch, Ernst  |e (autor) 
245 1 0 |a Thomas Münzer :  |b teólogo de la revolución /  |c E. Bloch ; notas de Maurice de Gandillac ; tr. por Jorge Deike Robles. 
264 4 |a Madrid, España :  |b Ciencia Nueva,  |c 1968, c1968 
300 |a 255 p. 
336 |a texto  |b txt  |2 rdacontenido 
337 |a sin mediación  |b n  |2 rdamedio 
338 |a volumen  |b nc  |2 rdasoporte 
440 1 |a (Ciencia Nueva ;  |v A 15) 
500 |a Traducción de: Thomas Münzer als Theologe der Revolution 
520 |a Thomas Münzer es una de las figuras más interesantes del movimiento religioso, político y social en la Alemania del siglo XVI. Münzer, a quien se llama "teólogo de la revolución", fue atacado violentamente por los príncipes, la nobleza y por los reformadores religiosos, entre los que se contaba Lutero, ya que veían en él un serio peligro para la continuación de sus privilegios. 
649 |a XX 
650 |a Teólogos Alemanes -  |x Biografías 
650 |a Religiosos Alemanes -  |x Biografías 
650 |a Filósofos Alemanes -  |x Biografías 
650 |a Teología -  |z Alemania -  |x Historia 
650 |a Iglesia Católica en Alemania -  |x Historia 
650 |a Iglesia y Problemas Sociales 
650 |a Protestantismo -  |z Alemania -  |x Historia 
650 |a Cristianismo 
650 |a Religión -  |z Alemania -  |x Historia 
650 |a Alemania -  |x Historia -  |y Batalla de Pavía, 1525 
650 |a Alemania -  |x Historia -  |y Carlos V, 1519-1556 
650 |a Alemania -  |x Historia -  |y Reforma y Contrarreforma, 1519-1648 
650 |a Alemania -  |x Historia -  |y Sacro Imperio Romano Germánico, 911-1806 
650 |a Alemania -  |x Historia -  |y Principados, Imperio y Reinos, 481-1871 
910 |a Fondo Armando Suárez Gómez 
920 |a Impresos - Libros 
930 |a Fondos Especiales 
905 |a 111 
901 |a 0700000992  |b IT2  |c ESP  |u 20250521 
902 |a https://opac.biblio.iteso.mx/vufind/Record/000182222